|
|
|
|
| LEADER |
00654cam a2200205 7i4500 |
| 001 |
0000025929 |
| 005 |
20110221090000.0 |
| 020 |
0 |
0 |
|a 978-1-902339-05-7
|
| 090 |
0 |
0 |
|a INDO 338.7
|b REP
|
| 245 |
0 |
0 |
|a The Report Indonesia 2009.
|
| 260 |
0 |
0 |
|a London:
|b The Oxford Business Group,
|c 2009.
|
| 300 |
# |
# |
|a 220 p.
|
| 650 |
0 |
0 |
|a Tourism --
|z Indonesia
|
| 650 |
0 |
0 |
|a Business --
|z Indonesia
|
| 650 |
0 |
0 |
|a Indonesia --
|x Economic conditions
|
| 650 |
0 |
0 |
|a Politics and government --
|z Indonesia
|
| 650 |
0 |
0 |
|a Construction --
|z Indonesia
|
| 650 |
0 |
0 |
|a Transportation --
|z Indonesia
|
| 651 |
0 |
0 |
|a Indonesia
|
| 999 |
|
|
|a 0000028241
|b Book
|c Countries
|e Business Information Centre
|